[Event "EU-chT U18"]
[Site "Terme Catez"]
[Date "2025.07.06"]
[Round "2.2"]
[White "Taspinar, Yanki"]
[Black "Delgerdalai, Bayarjavkhlan"]
[Result "1/2-1/2"]
[WhiteElo "2332"]
[BlackElo "2369"]
[PlyCount "75"]
[EventDate "2025.07.05"]
[EventType "team-swiss"]
[EventRounds "7"]
[EventCountry "SLO"]
[SourceTitle "CB29_2025"]
[SourceDate "2025.07.16"]
[SourceVersion "1"]
[SourceVersionDate "2025.07.16"]
[SourceQuality "1"]
[WhiteTeam "Turkey"]
[BlackTeam "Czech Republic"]
[WhiteTeamCountry "TUR"]
[BlackTeamCountry "CZE"]

1. d4 d5 2. c4 e6 3. Nc3 c5 4. cxd5 exd5 5. Nf3 Nf6 6. Bg5 Be6 7. dxc5 Bxc5 8. e3 Nc6 9. Be2 0-0 10. 0-0 Be7 11. Qd3 h6 12. Bh4 Qd7 13. Rfd1 Rfd8 14. Rac1 Rac8 15. Qb5 a6 16. Qb6 Qe8 17. Qxb7 Rb8 18. Qxa6 Nb4 19. Qa7 Ra8 20. Qd4 Nxa2 21. Nxa2 Rxa2 22. Ra1 Rda8 23. Rxa2 Rxa2 24. Bg3 Ne4 25. Qb6 Bc5 26. Qb7 Qa4 27. Nd4 Ra1 28. Qb3 Bxd4 29. Qxa4 Rxa4 30. Rxd4 Ra2 31. f3 Nxg3 32. hxg3 Rxb2 33. Kf1 Kf8 34. Ke1 Ke7 35. Rd2 Rxd2 36. Kxd2 Kd6 37. Kc3 Kc5 38. g4 1/2-1/2

[Event "CZE-ch Amateurs Blitz"]
[Site "Hluk"]
[Date "2025.05.09"]
[Round "7"]
[White "Delgerdalai, Bayarjavkhlan"]
[Black "Machacek, Jan"]
[Result "1-0"]
[WhiteElo "2162"]
[BlackElo "2128"]
[PlyCount "77"]
[EventDate "2025.05.09"]
[EventType "swiss (blitz)"]
[EventRounds "13"]
[EventCountry "CZE"]
[SourceTitle "CB20_2025"]
[SourceDate "2025.05.14"]
[SourceVersion "1"]
[SourceVersionDate "2025.05.14"]
[SourceQuality "1"]

1. e4 c5 2. Nf3 d6 3. d4 cxd4 4. Nxd4 Nf6 5. Nc3 a6 6. a3 Qc7 7. f3 Nbd7 8. g4 Nb6 9. g5 Nfd7 10. f4 e5 11. Nf3 Be7 12. f5 d5 13. Nxd5 Nxd5 14. Qxd5 0-0 15. Qc4 Qb8 16. Be3 b5 17. Qe2 Bb7 18. Nd2 Nc5 19. Bg2 Qc7 20. 0-0 Rfd8 21. f6 Bf8 22. fxg7 Bxg7 23. Rf2 Rd7 24. Raf1 Rad8 25. Bh3 Re7 26. Bf5 Ne6 27. Qh5 Nf4 28. Qxh7+ Kf8 29. Bxf4 exf4 30. Nf3 Rde8 31. g6 fxg6 32. Bxg6 Bxe4 33. Bxe4 Rxe4 34. Qf5+ Kg8 35. Ng5 R4e5 36. Qh7+ Kf8 37. Rxf4+ Ke7 38. Qxg7+ Kd8 39. Nf7+ 1-0

[Event "CZE-ch Amateurs Blitz"]
[Site "Hluk"]
[Date "2025.05.09"]
[Round "2"]
[White "Delgerdalai, Bayarjavkhlan"]
[Black "Vranova, Zdenka"]
[Result "0-1"]
[WhiteElo "2162"]
[BlackElo "1931"]
[PlyCount "58"]
[EventDate "2025.05.09"]
[EventType "swiss (blitz)"]
[EventRounds "13"]
[EventCountry "CZE"]
[SourceTitle "CB20_2025"]
[SourceDate "2025.05.14"]
[SourceVersion "1"]
[SourceVersionDate "2025.05.14"]
[SourceQuality "1"]

1. d4 Nf6 2. Nf3 e6 3. c4 c5 4. e3 d5 5. cxd5 exd5 6. Nc3 Nc6 7. Bb5 Bd7 8. 0-0 a6 9. Bxc6 Bxc6 10. Ne5 Bd6 11. Nxc6 bxc6 12. h3 0-0 13. Re1 Re8 14. e4 dxe4 15. Bg5 cxd4 16. Nxe4 Be7 17. Ng3 Qd7 18. Qd3 Nd5 19. Bd2 Bf6 20. Nf5 c5 21. Rec1 Rac8 22. Rc4 Nb6 23. Rc2 c4 24. Qg3 Qxf5 25. Rac1 c3 26. bxc3 d3 27. Rb2 Nc4 28. Rcb1 Nxb2 29. Rxb2 Bxc3 0-1

[Event "CZE-ch Amateurs Blitz"]
[Site "Hluk"]
[Date "2025.05.09"]
[Round "11"]
[White "Hajek, Oskar"]
[Black "Delgerdalai, Bayarjavkhlan"]
[Result "0-1"]
[WhiteElo "2130"]
[BlackElo "2162"]
[PlyCount "182"]
[EventDate "2025.05.09"]
[EventType "swiss (blitz)"]
[EventRounds "13"]
[EventCountry "CZE"]
[SourceTitle "CB20_2025"]
[SourceDate "2025.05.14"]
[SourceVersion "1"]
[SourceVersionDate "2025.05.14"]
[SourceQuality "1"]

1. d4 Nf6 2. Nc3 d5 3. Bf4 e6 4. Nb5 Na6 5. e3 c6 6. Nc3 Qa5 7. a3 Bd7 8. Bd3 c5 9. dxc5 Nxc5 10. Nf3 Nxd3+ 11. cxd3 Be7 12. Ne5 0-0 13. Nxd7 Nxd7 14. 0-0 Rac8 15. Rc1 Rc6 16. Qe2 Rfc8 17. Na2 Rxc1 18. Rxc1 Rxc1+ 19. Nxc1 Qc5 20. Nb3 Qc6 21. Qd2 h6 22. Qc1 Qxc1+ 23. Nxc1 Nc5 24. Be5 Bf6 25. Bxf6 gxf6 26. d4 Ne4 27. Nd3 Kf8 28. Kf1 Nd2+ 29. Ke2 Nc4 30. Kd1 Ke7 31. Kc2 f5 32. Kc3 b6 33. h4 f6 34. Nb4 Kd6 35. Nd3 e5 36. Nb4 Na5 37. Nd3 Nc6 38. Nb4 Ne7 39. Nd3 Ng6 40. g3 Nf8 41. Kb4 Ne6 42. dxe5+ fxe5 43. Kb5 Nc7+ 44. Kb4 a5+ 45. Kc3 Nb5+ 46. Kd2 d4 47. a4 dxe3+ 48. fxe3 Nc7 49. Ke2 Ne6 50. b3 h5 51. Nf2 Nc5 52. e4 fxe4 53. Ke3 Kd5 54. g4 hxg4 55. Nxg4 Nxb3 56. h5 Nd4 57. h6 Nf5+ 58. Ke2 Nxh6 59. Nxh6 Kc4 60. Ke3 b5 61. axb5 Kxb5 62. Kxe4 Kc4 63. Nf7 a4 64. Nxe5+ Kc3 65. Nd3 a3 66. Nc1 Kb2 67. Nd3+ Kc3 68. Nc1 Kd2 69. Nb3+ Kc2 70. Nd4+ Kb2 71. Nc6 a2 72. Nb4 a1Q 73. Nd3+ Kc3 74. Ne5 Qe1+ 75. Kd5 Qd2+ 76. Ke6 Kb4 77. Nc6+ Kc5 78. Ne5 Qd6+ 79. Kf5 Kd5 80. Nf3 Qf8+ 81. Kg4 Ke4 82. Ng5+ Ke3 83. Kh5 Qf5 84. Kh6 Kf4 85. Nh7 Ke5 86. Kg7 Ke6 87. Nf8+ Ke7 88. Ng6+ Ke8 89. Kh6 Kf7 90. Nh8+ Kf6 91. Nf7 Qg6# 0-1

[Event "CZE-chT1E 2425"]
[Site "Czech Republic"]
[Date "2025.04.06"]
[Round "11.3"]
[White "Virostko, Petr"]
[Black "Delgerdalai, Bayarjavkhlan"]
[Result "1-0"]
[WhiteElo "2311"]
[BlackElo "2341"]
[PlyCount "77"]
[EventDate "2024.10.20"]
[EventType "team-tourn"]
[EventRounds "11"]
[EventCountry "CZE"]
[SourceTitle "CB16_2025"]
[SourceDate "2025.04.16"]
[SourceVersion "1"]
[SourceVersionDate "2025.04.16"]
[SourceQuality "1"]
[WhiteTeam "Frydek Mistek II"]
[BlackTeam "Stare Mesto"]
[WhiteTeamCountry "CZE"]
[BlackTeamCountry "CZE"]

1. d4 Nf6 2. c4 e6 3. Nc3 d5 4. cxd5 exd5 5. Bg5 Bb4 6. Qa4+ Nc6 7. e3 h6 8. Bxf6 Qxf6 9. a3 Bxc3+ 10. bxc3 0-0 11. Nf3 Re8 12. Be2 Qg6 13. 0-0 Bh3 14. Ne1 Bf5 15. Qb5 Qd6 16. Qxb7 Reb8 17. Qa6 Rb3 18. Bb5 Bd7 19. Nf3 Rb8 20. Bxc6 Bxc6 21. Rfc1 Bd7 22. Qxd6 cxd6 23. c4 dxc4 24. Nd2 Bf5 25. Nxc4 d5 26. Na5 Rb2 27. Nc6 R8b7 28. Nb4 Be6 29. Rc5 Kh7 30. h3 Rd7 31. Rac1 Rb3 32. Ra5 g5 33. Rcc5 Rb1+ 34. Kh2 Rf1 35. Nxd5 Rxf2 36. Kg1 Rf5 37. e4 Rfxd5 38. exd5 Bf5 39. d6 1-0

[Event "SVK-chT 2425"]
[Site "Slovakia"]
[Date "2025.02.16"]
[Round "6.1"]
[White "Delgerdalai, Bayarjavkhlan"]
[Black "Jakab, Bela"]
[Result "1-0"]
[WhiteElo "2321"]
[BlackElo "2345"]
[PlyCount "111"]
[EventDate "2024.11.23"]
[EventType "team-tourn"]
[EventRounds "11"]
[EventCountry "SVK"]
[SourceTitle "CB14_2025"]
[SourceDate "2024.11.01"]
[SourceVersion "1"]
[SourceVersionDate "2024.11.01"]
[SourceQuality "1"]
[WhiteTeam "Osuske"]
[BlackTeam "Komarno"]
[WhiteTeamCountry "SVK"]
[BlackTeamCountry "SVK"]

1. e4 e6 2. d4 d5 3. Nc3 Bb4 4. e5 Ne7 5. a3 Bxc3+ 6. bxc3 c5 7. h4 Nbc6 8. h5 h6 9. Qg4 Nf5 10. Nf3 Qa5 11. Bd2 c4 12. a4 Bd7 13. Nh4 Nce7 14. Nxf5 Nxf5 15. Qf3 Rf8 16. g4 Ne7 17. Bh3 0-0-0 18. Qe3 f6 19. exf6 gxf6 20. Qxh6 e5 21. Kf1 Nc6 22. Kg2 Rg8 23. g5 fxg5 24. Bxd7+ Rxd7 25. Qe6 Rf8 26. dxe5 Nd4 27. Qg4 Nf3 28. e6 Re7 29. Bxg5 Nxg5 30. Qxg5 Qxc3 31. Rh3 Rg7 32. Rxc3 Rxg5+ 33. Rg3 Rxh5 34. Re1 Kc7 35. Rg7+ Kc6 36. f4 d4 37. Kg3 Rd5 38. e7 Re8 39. Kg4 d3 40. cxd3 cxd3 41. f5 d2 42. Rd1 Kd6 43. f6 Rc8 44. Rf7 Rc4+ 45. Kf3 Rf5+ 46. Ke3 Re5+ 47. Kd3 Kc5 48. Rxd2 Rce4 49. Rf8 Kb4 50. Rc8 Kb3 51. Rc3+ Kb4 52. Rb2+ Kxa4 53. Rc4+ Rxc4 54. Kxc4 b5+ 55. Rxb5 Re6 56. Rb7 1-0

[Event "CZE-chT1E 2425"]
[Site "Czech Republic"]
[Date "2024.10.20"]
[Round "1.3"]
[White "Delgerdalai, Bayarjavkhlan"]
[Black "Caletka, Radomir"]
[Result "1-0"]
[WhiteElo "2341"]
[BlackElo "2179"]
[PlyCount "67"]
[EventDate "2024.10.20"]
[EventType "team-tourn"]
[EventRounds "11"]
[EventCountry "CZE"]
[SourceTitle "CB45_2024"]
[Source "ChessBase"]
[SourceDate "2024.11.06"]
[SourceVersion "1"]
[SourceVersionDate "2024.11.06"]
[SourceQuality "1"]
[WhiteTeam "Stare Mesto"]
[BlackTeam "Poruba Slavoj II"]
[WhiteTeamCountry "CZE"]
[BlackTeamCountry "CZE"]

1. e4 e6 2. d4 d5 3. e5 c5 4. c3 Bd7 5. Nf3 Ne7 6. Na3 cxd4 7. cxd4 Qb6 8. Be2 Nf5 9. Nc2 Bb5 10. 0-0 Nc6 11. Bxb5 Qxb5 12. a4 Qb6 13. Qd3 h6 14. Bd2 a6 15. b4 Na7 16. b5 a5 17. Rac1 Be7 18. Na1 Qd8 19. Nb3 b6 20. g4 Nh4 21. Nxh4 Bxh4 22. f4 0-0 23. f5 Rc8 24. Rxc8 Nxc8 25. f6 gxf6 26. Bxh6 fxe5 27. dxe5 Ne7 28. Nd4 Qc8 29. Bxf8 Qxf8 30. Nxe6 Qc8 31. Nf4 Qc5+ 32. Kh1 Bg5 33. Ne2 Qb4 34. Qf3 1-0

[Event "EU-ch U14"]
[Site "Prague"]
[Date "2024.08.29"]
[Round "7"]
[White "Delgerdalai, Bayarjavkhlan"]
[Black "Sowinski, Pawel"]
[Result "1-0"]
[WhiteElo "2278"]
[BlackElo "2463"]
[PlyCount "111"]
[EventDate "2024.08.22"]
[EventType "swiss"]
[EventRounds "9"]
[EventCountry "CZE"]
[SourceTitle "CBM 221 Extra"]
[Source "ChessBase"]
[SourceDate "2024.09.30"]
[SourceVersion "1"]
[SourceVersionDate "2024.09.30"]
[SourceQuality "1"]

1. d4 Nf6 2. c4 e6 3. Nc3 Bb4 4. Qc2 d5 5. Bg5 h6 6. Bxf6 Qxf6 7. a3 Bxc3+ 8. Qxc3 0-0 9. Nf3 dxc4 10. Qxc4 Nc6 11. Rd1 Re8 12. Qc3 Bd7 13. e3 Rad8 14. Be2 e5 15. d5 Ne7 16. Qxe5 Qxe5 17. Nxe5 Ba4 18. Rd4 Bb3 19. Bb5 c6 20. dxc6 Rxd4 21. exd4 bxc6 22. Bd3 c5 23. Kd2 cxd4 24. Rc1 a5 25. Nc6 Nxc6 26. Rxc6 Rb8 27. Rc5 a4 28. Rb5 Rd8 29. Rb4 Kf8 30. Bc4 Bxc4 31. Rxc4 Ra8 32. Rxd4 Ke7 33. Kc3 g5 34. b3 axb3 35. Kxb3 Rb8+ 36. Ka2 Rc8 37. Rd2 Ra8 38. Kb3 Rb8+ 39. Kc4 Rc8+ 40. Kb5 Rb8+ 41. Kc6 Rc8+ 42. Kb6 Rb8+ 43. Kc7 Ra8 44. Re2+ Kf6 45. Ra2 Ra4 46. Kc6 h5 47. Kb5 Ra8 48. a4 g4 49. a5 h4 50. a6 Kg5 51. a7 h3 52. gxh3 gxh3 53. Kb6 Kg4 54. Ra3 Re8 55. Re3 Rd8 56. Kc7 1-0

[Event "EU-ch U14"]
[Site "Prague"]
[Date "2024.08.28"]
[Round "6"]
[White "Finek, Vaclav"]
[Black "Delgerdalai, Bayarjavkhlan"]
[Result "1-0"]
[WhiteElo "2467"]
[BlackElo "2278"]
[PlyCount "165"]
[EventDate "2024.08.22"]
[EventType "swiss"]
[EventRounds "9"]
[EventCountry "CZE"]
[SourceTitle "CBM 221 Extra"]
[Source "ChessBase"]
[SourceDate "2024.09.30"]
[SourceVersion "1"]
[SourceVersionDate "2024.09.30"]
[SourceQuality "1"]

1. d4 d5 2. c4 e6 3. Nf3 Nf6 4. g3 Bd6 5. Bg2 0-0 6. 0-0 Nc6 7. cxd5 exd5 8. Nc3 h6 9. Nb5 Bf5 10. h3 Re8 11. Nxd6 cxd6 12. g4 Bh7 13. g5 hxg5 14. Bxg5 Qe7 15. e3 Be4 16. Nd2 Bxg2 17. Kxg2 Qe6 18. Bxf6 Qxf6 19. Qg4 Re6 20. Kh2 g6 21. Rac1 Kg7 22. Qf3 Qxf3 23. Nxf3 Re7 24. Rg1 Rc8 25. Rc3 Rec7 26. Rgc1 Kf6 27. h4 Ke7 28. Ng5 f6 29. Nh3 Kd7 30. Nf4 Ne7 31. Rxc7+ Rxc7 32. Rxc7+ Kxc7 33. Kg3 Kd7 34. Kg4 Ke8 35. h5 gxh5+ 36. Kxh5 Kf7 37. a4 a5 38. Kh6 Nf5+ 39. Kh7 Ne7 40. b3 b6 41. f3 Nf5 42. Nxd5 Ke6 43. Nxb6 Nxe3 44. Kg6 d5 45. Na8 Nc2 46. Nc7+ Kd6 47. Nb5+ Ke7 48. f4 Nb4 49. Nc3 Nd3 50. Nxd5+ Kd6 51. Nxf6 Nxf4+ 52. Kf5 Ne2 53. Ke4 Nc1 54. Ng4 Nxb3 55. Kd3 Nc1+ 56. Kc4 Na2 57. Nf6 Nb4 58. Ne4+ Kc6 59. Nc3 Na6 60. d5+ Kb6 61. Ne4 Nb4 62. Kd4 Na6 63. Nd2 Nb8 64. Nc4+ Kc7 65. Nxa5 Nd7 66. Nc4 Kb7 67. Ne5 Nf6 68. Kc4 Ne4 69. Nc6 Kb6 70. a5+ Kb7 71. Nb4 Kc7 72. Nc2 Nd6+ 73. Kb4 Ne4 74. Ne3 Kb7 75. Nc4 Nf6 76. Kc5 Nd7+ 77. Kd6 Nb8 78. Ke7 Ka6 79. d6 Kb5 80. d7 Kxc4 81. a6 Kc5 82. a7 Nc6+ 83. Ke8 1-0

[Event "EU-ch U14"]
[Site "Prague"]
[Date "2024.08.25"]
[Round "4"]
[White "Stefanovic, Bosko"]
[Black "Delgerdalai, Bayarjavkhlan"]
[Result "0-1"]
[WhiteElo "2112"]
[BlackElo "2278"]
[PlyCount "82"]
[EventDate "2024.08.22"]
[EventType "swiss"]
[EventRounds "9"]
[EventCountry "CZE"]
[SourceTitle "CBM 221 Extra"]
[Source "ChessBase"]
[SourceDate "2024.09.30"]
[SourceVersion "1"]
[SourceVersionDate "2024.09.30"]
[SourceQuality "1"]

1. Nf3 Nf6 2. c4 b6 3. g3 Bb7 4. Bg2 e6 5. 0-0 d5 6. d4 dxc4 7. Nbd2 b5 8. a4 a6 9. Qc2 Nc6 10. b3 Nb4 11. Qb2 cxb3 12. Nxb3 Be4 13. axb5 axb5 14. Bd2 Bd6 15. Nc5 Bxc5 16. dxc5 Rxa1 17. Rxa1 Nc2 18. Rc1 Bxf3 19. Bxf3 Nd4 20. c6 0-0 21. Bf4 Nxf3+ 22. exf3 Nd5 23. Be5 f6 24. Bd4 Qb8 25. Bc5 Rd8 26. Qe2 Kf7 27. Re1 Re8 28. Qd3 g6 29. Rb1 Qa8 30. Rxb5 Qxc6 31. Bd4 Rd8 32. Qb3 Nf4 33. gxf4 Rxd4 34. Kg2 Rxf4 35. Rb8 Rg4+ 36. Kh3 Rg5 37. Qa3 Qc5 38. Qa4 Qf5+ 39. Kh4 Rh5+ 40. Kg3 Qh3+ 41. Kf4 Qh4+ 0-1

[Event "EU-ch U14"]
[Site "Prague"]
[Date "2024.08.24"]
[Round "3"]
[White "Delgerdalai, Bayarjavkhlan"]
[Black "Gubin, Dmitrii"]
[Result "1-0"]
[WhiteElo "2278"]
[BlackElo "2084"]
[PlyCount "43"]
[EventDate "2024.08.22"]
[EventType "swiss"]
[EventRounds "9"]
[EventCountry "CZE"]
[SourceTitle "CBM 221 Extra"]
[Source "ChessBase"]
[SourceDate "2024.09.30"]
[SourceVersion "1"]
[SourceVersionDate "2024.09.30"]
[SourceQuality "1"]

1. c4 e6 2. Nf3 d5 3. e3 Nf6 4. b3 Bd6 5. Bb2 0-0 6. Nc3 Re8 7. Nb5 Be7 8. Be5 Na6 9. Be2 c6 10. Nc3 Nc5 11. 0-0 a5 12. Qc2 b6 13. d4 Ncd7 14. Bd3 Bb7 15. Bg3 c5 16. Nb5 Rc8 17. Ne5 cxd4 18. exd4 Nxe5 19. dxe5 Ne4 20. Bxe4 dxe4 21. Rad1 Bd5 22. Qe2 1-0

[Event "Olomouc IM-B 25th"]
[Site "Olomouc"]
[Date "2024.08.17"]
[Round "9"]
[White "Delgerdalai, Bayarjavkhlan"]
[Black "Jurek, Josef"]
[Result "1-0"]
[WhiteElo "2278"]
[BlackElo "2191"]
[PlyCount "141"]
[EventDate "2024.08.10"]
[EventType "tourn"]
[EventRounds "9"]
[EventCountry "CZE"]
[SourceTitle "CBM 221 Extra"]
[Source "ChessBase"]
[SourceDate "2024.09.30"]
[SourceVersion "1"]
[SourceVersionDate "2024.09.30"]
[SourceQuality "1"]

1. e4 e6 2. d4 d5 3. e5 c5 4. c3 Nc6 5. Nf3 Bd7 6. Be2 Nge7 7. Na3 cxd4 8. cxd4 Nf5 9. Nc2 Qb6 10. 0-0 Na5 11. g4 Ne7 12. b3 h5 13. h3 Bb5 14. Be3 Bxe2 15. Qxe2 hxg4 16. hxg4 Ng6 17. Kg2 Be7 18. Rh1 0-0-0 19. Rh5 Kb8 20. Rah1 Rc8 21. Rxh8 Rxh8 22. Rxh8+ Nxh8 23. Nfe1 Ng6 24. f4 Nc6 25. Nf3 Qa6 26. Qxa6 bxa6 27. Kg3 Nf8 28. f5 Kc8 29. Ng5 Bxg5 30. Bxg5 Kd7 31. Bc1 Ke8 32. Ba3 Nd7 33. Kf4 Nf8 34. Bd6 Nd7 35. Ba3 Nf8 36. Kg5 Nh7+ 37. Kh5 Nf8 38. Bc5 Nd7 39. Bd6 Nf8 40. Ba3 g6+ 41. Kg5 gxf5 42. gxf5 Nd7 43. f6 a5 44. Bd6 Nb6 45. a4 Nd7 46. Kh6 Nb6 47. Kg7 Nd7 48. Kg8 Nb6 49. Ba3 Nd7 50. Bb2 Nf8 51. Ne3 Ng6 52. Ng4 Nh4 53. Nh6 Nd8 54. Bc3 Nf5 55. Nxf5 exf5 56. Bxa5 Ne6 57. Bc3 f4 58. b4 f3 59. Be1 Nxd4 60. b5 Ne6 61. a5 d4 62. b6 axb6 63. a6 d3 64. a7 Nc7 65. e6 d2 66. exf7+ Kd7 67. Bxd2 f2 68. f8Q f1Q 69. Qe7+ Kc8 70. f7 Qc4 71. Bf4 1-0

[Event "Olomouc IM-B 25th"]
[Site "Olomouc"]
[Date "2024.08.15"]
[Round "7"]
[White "Delgerdalai, Bayarjavkhlan"]
[Black "Biolek, Richard"]
[Result "0-1"]
[WhiteElo "2278"]
[BlackElo "2347"]
[PlyCount "154"]
[EventDate "2024.08.10"]
[EventType "tourn"]
[EventRounds "9"]
[EventCountry "CZE"]
[SourceTitle "CBM 221 Extra"]
[Source "ChessBase"]
[SourceDate "2024.09.30"]
[SourceVersion "1"]
[SourceVersionDate "2024.09.30"]
[SourceQuality "1"]

1. d4 Nf6 2. c4 g6 3. Nc3 d5 4. cxd5 Nxd5 5. e4 Nxc3 6. bxc3 Bg7 7. Qa4+ Nd7 8. Nf3 0-0 9. Qa3 b6 10. Be2 Bb7 11. e5 e6 12. Bg5 Qc8 13. 0-0 c5 14. Rfe1 Qc6 15. Qb3 a6 16. a4 Rfc8 17. Rac1 Rab8 18. h3 c4 19. Qa3 b5 20. a5 Re8 21. Be7 f6 22. exf6 Nxf6 23. Bd6 Bf8 24. Bxf8 Rxf8 25. Bf1 Nd5 26. Ne5 Qc7 27. Rc2 Rbe8 28. g3 Nf6 29. Bg2 Bxg2 30. Kxg2 Nd5 31. Rce2 Kg7 32. Kg1 h5 33. h4 Rf5 34. f4 b4 35. cxb4 c3 36. Qa4 Rc8 37. Kh2 Qb7 38. Nd3 g5 39. hxg5 h4 40. g4 Rxf4 41. Rxe6 Qf7 42. g6 Rf2+ 43. Kg1 Rf1+ 44. Rxf1 Qxe6 45. Ne5 c2 46. Qa3 Nc3 47. Kh2 Ne4 48. Qe3 c1Q 49. Rxc1 Qa2+ 50. Kh3 Qf2 51. Qxf2 Nxf2+ 52. Kg2 Rxc1 53. Kxf2 Rc2+ 54. Kg1 h3 55. g5 Rd2 56. Kh1 Rxd4 57. Nc6 Rd6 58. Ne5 Rd2 59. Kg1 Rg2+ 60. Kh1 Rd2 61. Kg1 Rg2+ 62. Kh1 Rxg5 63. Nd3 Rxg6 64. Nc5 Kf7 65. Kh2 Ke7 66. Kxh3 Kd8 67. Kh4 Kc7 68. Kh5 Rc6 69. Kg5 Kd6 70. Kf4 Kd5 71. Ke3 Kc4 72. Kd2 Kxb4 73. Nd3+ Kxa5 74. Ne1 Ka4 75. Nc2 Rc8 76. Kd3 Kb3 77. Nd4+ Kb2 0-1

[Event "Olomouc IM-B 25th"]
[Site "Olomouc"]
[Date "2024.08.12"]
[Round "4"]
[White "Dukic, Zachary"]
[Black "Delgerdalai, Bayarjavkhlan"]
[Result "0-1"]
[WhiteElo "2244"]
[BlackElo "2278"]
[PlyCount "104"]
[EventDate "2024.08.10"]
[EventType "tourn"]
[EventRounds "9"]
[EventCountry "CZE"]
[SourceTitle "CBM 221 Extra"]
[Source "ChessBase"]
[SourceDate "2024.09.30"]
[SourceVersion "1"]
[SourceVersionDate "2024.09.30"]
[SourceQuality "1"]

1. e4 c5 2. Nf3 d6 3. d4 cxd4 4. Nxd4 Nf6 5. Nc3 a6 6. h4 e5 7. Nb3 Be6 8. f4 exf4 9. Bxf4 Nc6 10. Qd2 d5 11. 0-0-0 Bb4 12. Qd3 dxe4 13. Nxe4 Qxd3 14. Nxf6+ gxf6 15. Bxd3 Rd8 16. Bc7 Rd7 17. Bb6 Ne5 18. Be2 Rg8 19. Nc5 Bxc5 20. Bxc5 Rxd1+ 21. Bxd1 Rxg2 22. Rf1 Rh2 23. h5 Bg4 24. Bxg4 Nxg4 25. Rf5 Kd7 26. Rd5+ Kc6 27. c4 Ne5 28. Be7 Nxc4 29. Rc5+ Kd7 30. Bxf6 Nd6 31. Re5 Kc6 32. a3 Rf2 33. Be7 Kd7 34. Bh4 Rf5 35. Re7+ Kc6 36. Bg3 b6 37. Kc2 Rc5+ 38. Kd3 Nf5 39. Rc7+ Kd5 40. Rxc5+ bxc5 41. Bf4 Ng7 42. h6 Ne6 43. Bc1 Nd4 44. Be3 f5 45. a4 c4+ 46. Kc3 Ne6 47. Bg1 f4 48. Kb4 f3 49. Ka5 Nc5 50. Be3 Kc6 51. Kb4 Nd3+ 52. Kxc4 Nxb2+ 0-1

[Event "Piestany Slovakia op-A"]
[Site "Piestany"]
[Date "2024.07.17"]
[Round "9"]
[White "Saksham, Wadhwa"]
[Black "Delgerdalai, Bayarjavkhlan"]
[Result "0-1"]
[WhiteElo "2036"]
[BlackElo "2272"]
[PlyCount "86"]
[EventDate "2024.07.09"]
[EventType "swiss"]
[EventRounds "9"]
[EventCountry "SVK"]
[SourceTitle "EXT 2025"]
[Source "ChessBase"]
[SourceDate "2024.10.14"]
[SourceVersion "1"]
[SourceVersionDate "2024.10.14"]
[SourceQuality "1"]

1. e4 c5 2. Nf3 e6 3. d4 cxd4 4. Nxd4 Nc6 5. Nc3 Nf6 6. Ndb5 Bc5 7. Nd6+ Ke7 8. Bf4 e5 9. Nf5+ Kf8 10. Bg5 d6 11. Bc4 h6 12. Be3 Bxf5 13. Bxc5 dxc5 14. exf5 Qxd1+ 15. Nxd1 Ke7 16. Ne3 Rhd8 17. c3 a6 18. Ke2 b5 19. Bb3 c4 20. Bc2 Nd4+ 21. cxd4 exd4 22. Rad1 dxe3 23. fxe3 Rxd1 24. Rxd1 Rd8 25. Rxd8 Kxd8 26. Kd2 Ng4 27. h3 Ne5 28. Kc3 Kc7 29. Be4 f6 30. g4 a5 31. Kd4 Kb6 32. Kd5 b4 33. Ke6 Nd3 34. Kf7 Nxb2 35. Kxg7 a4 36. Kxf6 b3 37. axb3 a3 38. Bb1 cxb3 39. Kg7 Nc4 40. f6 Ne5 41. h4 a2 42. Bxa2 bxa2 43. f7 a1Q 0-1

[Event "Piestany Slovakia op-A"]
[Site "Piestany"]
[Date "2024.07.16"]
[Round "8"]
[White "Delgerdalai, Bayarjavkhlan"]
[Black "Oruzinsky, Juraj"]
[Result "0-1"]
[WhiteElo "2272"]
[BlackElo "2132"]
[PlyCount "152"]
[EventDate "2024.07.09"]
[EventType "swiss"]
[EventRounds "9"]
[EventCountry "SVK"]
[SourceTitle "EXT 2025"]
[Source "ChessBase"]
[SourceDate "2024.10.14"]
[SourceVersion "1"]
[SourceVersionDate "2024.10.14"]
[SourceQuality "1"]

1. e4 c5 2. Nf3 g6 3. c4 Nc6 4. d4 cxd4 5. Nxd4 Nf6 6. Nc3 Nxd4 7. Qxd4 d6 8. Be2 Bg7 9. Be3 0-0 10. Qd3 a5 11. 0-0 a4 12. Bd4 Bd7 13. Rfd1 Qa5 14. Rac1 Bc6 15. Nd5 Bxd5 16. exd5 Nd7 17. Bxg7 Kxg7 18. Qd4+ Nf6 19. Rc3 Qc5 20. Qxc5 dxc5 21. Re3 Rfe8 22. f3 Ra6 23. Rd2 Kf8 24. Kf2 Rd8 25. Ke1 Ne8 26. Kd1 Nd6 27. g4 a3 28. b3 Ra7 29. Kc2 b6 30. Kc3 Kg7 31. Rd1 Rh8 32. Bd3 h5 33. g5 Rc8 34. f4 Rb8 35. Rf1 Rbb7 36. Rb1 Rd7 37. Re2 Rd8 38. Re5 Rb7 39. b4 Ra7 40. bxc5 bxc5 41. Rb6 Rdd7 42. Re1 Rdc7 43. Reb1 Ra5 44. Bc2 Rca7 45. Rc6 R7a6 46. Rxa6 Rxa6 47. Bd3 Kh7 48. Rb8 Kg7 49. Kb3 Kh7 50. Rb5 Nxb5 51. cxb5 Rd6 52. Kc4 e6 53. Be4 f5 54. Bf3 exd5+ 55. Bxd5 Kg7 56. Kxc5 Rd8 57. b6 Kf8 58. b7 Ke7 59. Kc6 Rd6+ 60. Kc7 Rd7+ 61. Kb6 Rd8 62. Kc5 Kd7 63. Bf7 Kc7 64. Bxg6 Rd2 65. Bxf5 Rxa2 66. Be6 Rxh2 67. Kd4 a2 68. Bxa2 Rxa2 69. b8Q+ Kxb8 70. f5 Rg2 71. g6 Kc7 72. Ke5 Kd7 73. Kf6 Ke8 74. Kg7 h4 75. f6 Rxg6+ 76. Kxg6 Kf8 0-1

[Event "Piestany Slovakia op-A"]
[Site "Piestany"]
[Date "2024.07.11"]
[Round "3"]
[White "Bochnicka, Vladimir1"]
[Black "Delgerdalai, Bayarjavkhlan"]
[Result "0-1"]
[WhiteElo "2376"]
[BlackElo "2272"]
[PlyCount "69"]
[EventDate "2024.07.09"]
[EventType "swiss"]
[EventRounds "9"]
[EventCountry "SVK"]
[SourceTitle "EXT 2025"]
[Source "ChessBase"]
[SourceDate "2024.10.14"]
[SourceVersion "1"]
[SourceVersionDate "2024.10.14"]
[SourceQuality "1"]

1. e4 e5 2. Nf3 Nc6 3. d4 exd4 4. Nxd4 Nf6 5. Nxc6 bxc6 6. e5 Qe7 7. Qe2 Nd5 8. h4 Qe6 9. Nd2 Be7 10. Nf3 c5 11. g3 Bb7 12. Bg2 0-0-0 13. 0-0 f6 14. Re1 Rhe8 15. Qb5 Qb6 16. Qd3 Nb4 17. Qd1 fxe5 18. c3 e4 19. Ne5 Bf6 20. Nf7 Nd3 21. Nxd8 Kxd8 22. Re2 d5 23. f3 Qd6 24. fxe4 Qxg3 25. Be3 dxe4 26. Qb3 Kc8 27. Rd1 Bc6 28. Rf1 Be5 29. Rf7 Rd8 30. Qe6+ Kb7 31. Qh3 Nf4 32. Rxf4 Bxf4 33. Qxg3 Bxg3 34. Bh3 Bxh4 35. Bxc5 0-1

[Event "Stare Mesto Slavia Kromeriz op 2nd"]
[Site "Stare Mesto"]
[Date "2024.03.30"]
[Round "5"]
[White "Delgerdalai, Bayarjavkhlan"]
[Black "Neuman, Petr"]
[Result "1/2-1/2"]
[WhiteElo "2280"]
[BlackElo "2399"]
[PlyCount "36"]
[EventDate "2024.03.28"]
[EventType "swiss"]
[EventRounds "7"]
[EventCountry "CZE"]
[SourceTitle "CBM 219 Extra"]
[Source "ChessBase"]
[SourceDate "2024.05.31"]
[SourceVersion "1"]
[SourceVersionDate "2024.05.31"]
[SourceQuality "1"]

1. e4 c5 2. Nf3 Nc6 3. Bb5 g6 4. 0-0 Bg7 5. c3 Nf6 6. Re1 0-0 7. d4 d5 8. e5 Ne4 9. Be3 Qb6 10. Bxc6 bxc6 11. Qc1 c4 12. Nfd2 Nxd2 13. Nxd2 Bf5 14. b3 Bd3 15. bxc4 dxc4 16. Bg5 f6 17. Bf4 g5 18. exf6 exf6 1/2-1/2